The house of the Lord : (Record no. 10169)

MARC details
000 -LEADER
fixed length control field 00834cam a2200265 a 4500
001 - CONTROL NUMBER
control field 24217241
003 - CONTROL NUMBER IDENTIFIER
control field OCoLC
005 - DATE AND TIME OF LATEST TRANSACTION
control field 20210217104019.0
008 - FIXED-LENGTH DATA ELEMENTS--GENERAL INFORMATION
fixed length control field 910104s1991 flu 000 0 eng
010 ## - LIBRARY OF CONGRESS CONTROL NUMBER
LC control number 91070020
020 ## - INTERNATIONAL STANDARD BOOK NUMBER
International Standard Book Number 0884192849
020 ## - INTERNATIONAL STANDARD BOOK NUMBER
International Standard Book Number 9780884192848
035 ## - SYSTEM CONTROL NUMBER
System control number (OCoLC)24217241
040 ## - CATALOGING SOURCE
Original cataloging agency DLC
Transcribing agency DLC
Modifying agency BTCTA
-- BAKER
050 00 - LIBRARY OF CONGRESS CALL NUMBER
Classification number BR115.C45
Item number F827H
082 ## - DEWEY DECIMAL CLASSIFICATION NUMBER
Item number F827H
100 1# - MAIN ENTRY--PERSONAL NAME
Personal name Frangipane, Francis
245 14 - TITLE STATEMENT
Title The house of the Lord :
Remainder of title God's plan to liberate your city from darkness /
Statement of responsibility, etc. Francis Frangipane
260 ## - PUBLICATION, DISTRIBUTION, ETC.
Place of publication, distribution, etc. Lake Mary, Fla. :
Name of publisher, distributor, etc. Creation House,
Date of publication, distribution, etc. c1991
300 ## - PHYSICAL DESCRIPTION
Extent 202 p. ;
Dimensions 23 cm
650 #0 - SUBJECT ADDED ENTRY--TOPICAL TERM
Topical term or geographic name entry element Cities and towns
General subdivision Religious aspects
-- Christianity
650 #0 - SUBJECT ADDED ENTRY--TOPICAL TERM
Topical term or geographic name entry element Church
856 42 - ELECTRONIC LOCATION AND ACCESS
Materials specified Publisher description
Uniform Resource Identifier <a href="http://www.loc.gov/catdir/enhancements/fy1011/91070020-d.html">http://www.loc.gov/catdir/enhancements/fy1011/91070020-d.html</a>
942 ## - ADDED ENTRY ELEMENTS (KOHA)
Source of classification or shelving scheme Dewey Decimal Classification
Koha item type Books

No items available.


OPAC Designed and Maintained by HMC Library Team.
Copyright © HMC Library,Greater Noida, UP.
For any Suggestions/Query Contact library via Email:libhmc@gmail.com